000 00295nam a22001337a 4500
008 190305b xxu||||| |||| 00| 0 eng d
020 _a9780814102916
041 _aeng
080 _a371
100 _a46
101 _aEDU
245 _aBeyond Standardized Truth
_cFilkins,S
942 _2udc
_cBK
999 _c54557
_d54557